| 000 | nam a22 7a 4500 | ||
|---|---|---|---|
| 999 |
_c16069 _d16069 |
||
| 008 | 161108b xxu||||| |||| 00| 0 eng d | ||
| 020 | _a9780073018379 | ||
| 050 | _aHF 5686 .C8M224 2006 | ||
| 100 |
_aMaher, Michael W., _d2006 |
||
| 245 |
_aFundamentals of cost Accounting _cMichael W. Maher,William N. Lanen,Madhav V.Rajan. |
||
| 250 | _a1st ed | ||
| 260 |
_aBoston _bMcGraw Hill _c2006 |
||
| 300 |
_axxvi,580p; _bincludes bibliographical references and indexes |
||
| 650 | _2Cost Accounting | ||
| 942 |
_2lcc _cBOOKS _hHF 5686 .C8M224 2006 _k21753 |
||